Name every Revue Starlight characters - Statistics

General Stats
  • This quiz has been taken 24 times
  • The average score is 22 of 32
Answer Stats
Answer % Correct
Nana Daiba
100%
Karen Aijo
94%
Maya Tendo
94%
Claudine Saijo
88%
Hikari Kagura
88%
Junna Hoshimi
88%
Futaba Isurugi
75%
Kaoruko Hanayagi
75%
Mahiru Tsuyuzaki
75%
Mei Fan Liu
75%
Tamao Tomoe
75%
Fumi Yumeoji
69%
Koharu Yanagi
69%
Lalafin Nonomiya
69%
Michiru Otori
69%
Shiori Yumeoji
69%
Suzu Minase
69%
Akira Yukishiro
63%
Ichie Otonashi
63%
Rui Akikaze
63%
Ryoko Kobato
63%
Shizuha Kocho
63%
Yachiyo Tsuruhime
63%
Yuyuko Tanaka
63%
Aruru Otsuki
56%
Hisame Honami
56%
Kuina Moriyasu
56%
Minku Umibe
56%
Misora Kano
56%
Tsukasa Ebisu
56%
Shiro Ogami
50%
Stella Takachiho
38%
No matching quizzes found
Score Distribution
Percent of People with Each Score
Percentile by Number Answered
Your Score History
You have not taken this quiz